Punt lila : xarxa de punts lila : recomanacions d'actuació recomanacions d'actuació
Descripción Física:
1 díptic ; il. col. ; 10 x 21 cm.
Idioma:
Catalán
MARC
| LEADER | 00000nam a22000007a 4500 | ||
|---|---|---|---|
| 001 | 28557 | ||
| 003 | AGDB | ||
| 005 | 20260324181525.0 | ||
| 008 | 230307b spa||||| |||| 00| 0 cat d | ||
| 017 | |a B 19612-2023 | ||
| 040 | |a agdb |b cat | ||
| 245 | |a Punt lila : xarxa de punts lila : |b recomanacions d'actuació | ||
| 260 | |a Barcelona : |b Parc Natural de Montseny : |b Diputació de Barcelona ; |c 2023 | ||
| 300 | |a 1 díptic ; |b il. col. ; |c 10 x 21 cm. | ||
| 650 | 0 | |9 8867 |a Dones |x Assistència institucional | |
| 650 | 0 | |9 42204 |a Violència envers les dones | |
| 655 | 0 | |a Fulletons |9 55858 | |
| 710 | 1 | |a Barcelona (Catalunya : Província). |b Diputació |9 52408 | |
| 710 | |a Parc Natural del Montseny (Catalunya) |9 10461 | ||
| 942 | |c ARXIU |n 1 |2 udc | ||
| 952 | |0 0 |1 0 |4 0 |6 FU7760 |7 1 |9 97309 |a Arxiu |b Arxiu |d 2024-07-26 |l 0 |o FU-77-60 |p 28557 |r 2024-07-26 00:00:00 |w 2024-07-26 |y ARXIU | ||
| 999 | |c 129160 |d 129160 | ||